000 00508nam a2200205Ia 4500
003 GCL
008 140319s9999 xx 000 0 aRus d
040 _aGCL /
_cGCL
082 0 4 _a861
_bD A
100 1 _aDE GONGORA, LUIS
245 1 0 _aANTOLOGIA /
_cDE GONGORA, LUIS
260 _a[S.N] :
_bESPASA - CALPE ،
_c1981
300 _a163
650 0 4 _aLITERATURE
650 0 4 _aSPANISH POEMS
650 0 4 _aSPANISH LITERATURE
650 0 4 _aSPANISH POETRY
650 0 4 _aSPANISH FICTION
942 _2ddc
_cBK
999 _c12881
_d12881